Países que producen la mayor cantidad de vino - Estadísticas

Estadísticas generales
  • Esta prueba ha sido intentada 5.989 veces
    5.987 desde el último reinicio
  • La puntuación promedio es 15 de 20
Estadísticas de respuestas
Producción País % Correcto
3.713 mil Francia
98%
3.701 mil España
97%
5.088 mil Italia
97%
2.057 mil Estados Unidos
95%
1.248 mil Argentina
89%
453 mil Alemania
87%
1.814 mil China
86%
1.344 mil Chile
83%
290 mil Grecia
79%
450 mil Rusia
79%
719 mil Portugal
78%
348 mil Brasil
76%
1.482 mil Australia
73%
246 mil Austria
56%
266 mil Nueva Zelanda
54%
267 mil Turquía
53%
1.133 mil Sudáfrica
51%
530 mil Rumania
47%
310 mil Hungría
45%
178 mil Moldavia
32%
No se encontraron pruebas coincidentes
Distribución de puntuación
Porcentaje de gente con cada puntuación
Porcentaje por número respondido
Historial de tus puntuaciones
No has intentado esta prueba desde el último reinicio